[Event "Bayern-chB 77th"]
[Site "Bad Woerishofen"]
[Date "2006.08.26"]
[Round "1"]
[White "Kelchner, Hans"]
[Black "Hansen, Torsten"]
[Result "1-0"]
[WhiteElo "2031"]
[BlackElo "1660"]
[PlyCount "79"]
[EventDate "2006.08.26"]
[EventType "swiss"]
[EventRounds "9"]
[EventCountry "GER"]
[SourceTitle "EXT 2015"]
[Source "ChessBase"]
[SourceDate "2014.11.20"]
[SourceVersion "1"]
[SourceVersionDate "2014.11.20"]
[SourceQuality "1"]

1. d4 Nf6 2. Nf3 g6 3. c4 c5 4. d5 d6 5. Nc3 Bg7 6. e4 0-0 7. h3 b5 8. cxb5 a6 9. Qc2 Nbd7 10. Be2 axb5 11. Nxb5 Ba6 12. 0-0 Qb6 13. a4 Ne8 14. Ra3 Nc7 15. Nxc7 Qxc7 16. Bxa6 Rxa6 17. b4 Rb8 18. b5 Ra7 19. Nd2 Bh6 20. Nc4 Bxc1 21. Rxc1 Nb6 22. Nxb6 Qxb6 23. Qc3 Rba8 24. Rca1 Ra5 25. Qc4 Qa7 26. f4 f6 27. h4 h6 28. e5 fxe5 29. fxe5 Rf8 30. Rg3 Kh7 31. Qg4 Rg8 32. Kh1 Rg7 33. Qe4 Rxb5 34. Rxg6 Rxg6 35. h5 Rb4 36. Qxg6+ Kh8 37. Qxh6+ Kg8 38. Qg5+ Kh8 39. Rf1 Rb8 40. Rf7 1-0